Využitie pasportu v podnikovej diagnostike

Charakteristika pasportu ako metódy podnikovej diagnostiky. Cieľom podnikovej diagnostiky je vytvorenie ucelenej a usporiadanej sústavy poznatkov o vykonávaní diagnóz podniku na základe spracovaných, overených a využiteľných diagnostických metód a techník.

Gespeichert in:
Bibliographische Detailangaben
1. Verfasser: Neumannová, Anna
Weitere Verfasser: Síbertová, Linda
Format: Buchkapitel
Sprache:Slowakisch
Schlagworte:
Tags: Tag hinzufügen
Keine Tags, Fügen Sie das erste Tag hinzu!

MARC

LEADER 00000nla a2200000 4500
001 0180039
005 20240502073048.3
041 0 |a slo 
044 |a SK 
245 1 0 |a Využitie pasportu v podnikovej diagnostike  |c Anna Neumannová 
520 |a Charakteristika pasportu ako metódy podnikovej diagnostiky. Cieľom podnikovej diagnostiky je vytvorenie ucelenej a usporiadanej sústavy poznatkov o vykonávaní diagnóz podniku na základe spracovaných, overených a využiteľných diagnostických metód a techník. 
610 2 0 |a diagnostika podniková 
610 2 0 |a hodnota podniku 
610 2 0 |a cyklus podniku životný 
610 2 0 |a prostredie podnikové 
610 2 0 |a analýza swot 
100 1 |a Neumannová, Anna 
700 1 |a Síbertová, Linda